| 000 | 00988nam a2200349 a 4500 | ||
|---|---|---|---|
| 003 | AR-BaBNM | ||
| 005 | 20251128210221.0 | ||
| 008 | 082120s2002 ||||||||||||||000 | spa|| | ||
| 020 | _a950-795-030-3 | ||
| 040 | _cAR-BaBNM | ||
| 100 | 1 | _aKoss, Amalia | |
| 245 | 0 | 0 |
_aEl agua _bsu recorrido por las ciencias naturales |
| 260 |
_aBuenos Aires _bEdiciones La llave _c1999 |
||
| 300 |
_a163 p. _btablas, diagr., il. |
||
| 490 | 0 | _aEnfoques en educación | |
| 504 | _aContiene bibliografía p. 163 | ||
| 650 | 4 | _aCIENCIAS NATURALES | |
| 650 | 4 | _aTECNICAS DIDACTICAS | |
| 650 | 4 | _aQUIMICA | |
| 650 | 4 | _aFISICA | |
| 650 | 4 | _aBIOLOGIA | |
| 650 | 4 | _aMETODOS DE ENSEÑANZA | |
| 650 | 4 | _aACTIVIDADES | |
| 653 | _aENSEÑANZA DE LAS CIENCIAS NATURALES | ||
| 653 | _aTERCER CICLO DE LA EGB | ||
| 653 | _aINTEGRACION DE CONTENIDOS | ||
| 700 | 1 | _aBoudemont, Susana Liliana | |
| 700 | 1 | _aSantilli, Haydée B. | |
| 800 | 1 | _aPereira, Marcelo | |
| 942 | _cBK | ||
| 998 | _cRaquel | ||
| 999 |
_c14549 _d14549 |
||